Chile forestal: una realidad que se consolida

Uloženo v:
Podrobná bibliografie
Hlavní autor: Bluth Solari, Alejandra (Autor)
Médium: Kniha
Jazyk:španělština
Vydáno: Santiago Corporación Chilena de la Madera A. G 2002
Témata:
Tagy: Přidat tag
Žádné tagy, Buďte první, kdo vytvoří štítek k tomuto záznamu!

MARC

LEADER 00000nam a2200000 a 4500
001 UCG5401
003 CL-VaPUC
008 110303e20020000CL |||||||||||||||||spa|d
082 0 4 |a 333.75  |b BLU  |2 21 
100 0 |a Bluth Solari, Alejandra  |e author  |9 555109 
245 1 0 |a Chile forestal: una realidad que se consolida 
300 |a 200 p 
942 |c BK 
945 |d 20110303 00:00:00  |a dcastane 
260 |a Santiago  |b Corporación Chilena de la Madera A. G  |c 2002 
650 0 |a Actividad forestal  |9 555110 
650 7 |a PLANTACIONES FORESTALES  |2 CL-VaPUC  |9 482936 
650 7 |a PATRIMONIO FORESTAL  |2 CL-VaPUC  |9 555111 
650 7 |a SECTOR FORESTAL HISTORIA  |2 CL-VaPUC  |9 555112 
650 7 |a POLITICA FORESTAL  |2 CL-VaPUC  |9 388693 
650 0 |a Bosques  |9 269804 
650 7 |a CONSERVACION  |2 CL-VaPUC  |9 259519 
651 7 |a CHILE  |2 CL-VaPUC  |9 555113 
583 |a last modification  |c 20110303 00:00:00  |k Rodrigo Vera 
999 |c 343929  |d 343927 
952 |0 0  |1 0  |4 0  |6 333_750000000000000_BLU_2002  |7 0  |8 A  |9 441642  |a BIBAGR  |b BIBAGR  |d 2019-11-22  |i 4751558  |o 333.75 BLU 2002  |p 4751558  |r 2025-01-20  |w 2019-11-22  |y BK  |k AGR 
952 |0 0  |1 0  |4 0  |6 333_750000000000000_BLU_2002  |7 0  |8 A  |9 441643  |a BIBAGR  |b BIBAGR  |d 2019-11-22  |i 4751566  |o 333.75 BLU 2002  |p 4751566  |r 2025-01-20  |w 2019-11-22  |y BK  |k AGR